000 00361nam a22001457a 4500
003 LK-CoDNM
005 20240827112557.0
008 240827b |||||||| |||| 00| 0 eng d
040 _aLK-CoDNM
_dLK-CoDNM
_eLK-CoDNM
080 _bGP1968
245 _aParliamentary Series
260 _aColombo
_bGoverment press
_c1968
300 _b342p. : 24 cm
942 _cBK
999 _c149336
_d149336